[Event "ISR-ch 40th"]
[Site "Jerusalem"]
[Date "2021.03.14"]
[Round "8"]
[White "Parnes, Nadav"]
[Black "Stolyarsky, Yegor"]
[Result "1-0"]
[WhiteElo "2273"]
[BlackElo "2063"]
[PlyCount "69"]
[EventDate "2021.03.07"]
[EventType "swiss"]
[EventRounds "9"]
[EventCountry "ISR"]
[SourceTitle "CBM 201 Extra"]
[Source "ChessBase"]
[SourceDate "2021.05.31"]
[SourceVersion "1"]
[SourceVersionDate "2021.05.31"]
[SourceQuality "1"]

1. g3 Nf6 2. Bg2 g6 3. Nf3 Bg7 4. 0-0 0-0 5. c4 d6 6. Nc3 c6 7. Rb1 a5 8. a3 e5 9. d3 Na6 10. b4 Nc7 11. b5 Ne6 12. bxc6 bxc6 13. Qc2 Qc7 14. Be3 d5 15. Bb6 Qd6 16. Na4 Nd7 17. Be3 f5 18. Ng5 f4 19. Nxe6 Qxe6 20. cxd5 cxd5 21. Qa2 Nf6 22. gxf4 e4 23. dxe4 dxe4 24. Qd2 Qg4 25. Nb6 Rb8 26. Nd5 Ba6 27. Rxb8 Rxb8 28. Nxf6+ Bxf6 29. Qd6 Bxe2 30. Qxb8+ Kg7 31. h3 Qd7 32. Rc1 Kh6 33. Qf8+ Bg7 34. Qc5 Bf6 35. Qc6 1-0

[Event "ISR-ch 40th"]
[Site "Jerusalem"]
[Date "2021.03.12"]
[Round "6"]
[White "Parnes, Nadav"]
[Black "Steinberg, Nitzan"]
[Result "0-1"]
[WhiteElo "2273"]
[BlackElo "2553"]
[PlyCount "86"]
[EventDate "2021.03.07"]
[EventType "swiss"]
[EventRounds "9"]
[EventCountry "ISR"]
[SourceTitle "CBM 201 Extra"]
[Source "ChessBase"]
[SourceDate "2021.05.31"]
[SourceVersion "1"]
[SourceVersionDate "2021.05.31"]
[SourceQuality "1"]

1. Nf3 d5 2. g3 Nd7 3. Bg2 e5 4. d3 Ngf6 5. 0-0 c6 6. Nbd2 Bd6 7. e4 0-0 8. Nh4 Re8 9. Nf5 Bf8 10. a4 Nc5 11. Ne3 a5 12. h3 g6 13. b3 h5 14. Re1 h4 15. Kh2 Bh6 16. Ba3 Na6 17. Nf3 hxg3+ 18. fxg3 Nb4 19. Nd2 Be6 20. Bb2 Nd7 21. Re2 Qb6 22. Ng4 Bg7 23. Nf3 dxe4 24. dxe4 Rad8 25. Qf1 f6 26. Rd2 Nc5 27. Rxd8 Qxd8 28. Rd1 Qe7 29. Qe2 Nxe4 30. Nh4 Nxg3 31. Kxg3 f5 32. Nxg6 Qg5 33. N6xe5 fxg4 34. h4 Qh5 35. Re1 Bf6 36. Rh1 Bf7 37. Kf4 Bxe5+ 38. Bxe5 Nd5+ 39. Bxd5 Bxd5 40. Rf1 Rf8+ 41. Kg3 Rxf1 42. Qxf1 Qxe5+ 43. Kxg4 Be6+ 0-1

[Event "ISR-ch 40th"]
[Site "Jerusalem"]
[Date "2021.03.11"]
[Round "5"]
[White "Shohat, Yotam"]
[Black "Parnes, Nadav"]
[Result "1/2-1/2"]
[WhiteElo "2371"]
[BlackElo "2273"]
[PlyCount "74"]
[EventDate "2021.03.07"]
[EventType "swiss"]
[EventRounds "9"]
[EventCountry "ISR"]
[SourceTitle "CBM 201 Extra"]
[Source "ChessBase"]
[SourceDate "2021.05.31"]
[SourceVersion "1"]
[SourceVersionDate "2021.05.31"]
[SourceQuality "1"]

1. e4 d6 2. d4 Nf6 3. Nc3 g6 4. f4 Bg7 5. Nf3 c5 6. d5 0-0 7. Bd2 e6 8. dxe6 Bxe6 9. Be2 Nc6 10. 0-0 Nd4 11. Kh1 Re8 12. f5 gxf5 13. exf5 Bd7 14. Bd3 Nxf3 15. Qxf3 Bc6 16. Qg3 Kh8 17. Bg5 d5 18. Rad1 b5 19. Qh4 c4 20. Be4 Re5 21. Bxd5 Bxd5 22. Nxd5 Rxd5 23. Rxd5 Qxd5 24. Bxf6 Rg8 25. Bxg7+ Rxg7 26. Qf2 f6 27. c3 Re7 28. Kg1 Qd3 29. Qc5 Qe4 30. h3 h5 31. Rf3 Rg7 32. Qf8+ Kh7 33. Qxf6 Qe2 34. Rf2 Qe1+ 35. Rf1 Qe4 36. Rf2 Qe1+ 37. Rf1 Qe4 1/2-1/2

[Event "ISR-ch 40th"]
[Site "Jerusalem"]
[Date "2021.03.09"]
[Round "3"]
[White "Kochavi, Ori"]
[Black "Parnes, Nadav"]
[Result "0-1"]
[WhiteElo "2273"]
[BlackElo "2273"]
[PlyCount "102"]
[EventDate "2021.03.07"]
[EventType "swiss"]
[EventRounds "9"]
[EventCountry "ISR"]
[SourceTitle "CBM 201 Extra"]
[Source "ChessBase"]
[SourceDate "2021.05.31"]
[SourceVersion "1"]
[SourceVersionDate "2021.05.31"]
[SourceQuality "1"]

1. e4 g6 2. d4 Bg7 3. Nf3 d6 4. Bc4 Nf6 5. Qe2 0-0 6. 0-0 c6 7. Bb3 Qc7 8. e5 dxe5 9. dxe5 Nd5 10. c4 Nb6 11. Bf4 Bg4 12. Nbd2 Na6 13. Qe3 Qc8 14. h3 Be6 15. Rac1 Rd8 16. a3 c5 17. Bh6 Bf5 18. Rfe1 Qc6 19. Qg5 Re8 20. Qh4 Nd7 21. Bxg7 Kxg7 22. e6 Bxe6 23. Ng5 Nf8 24. Ndf3 h6 25. Nxe6+ Nxe6 26. Ne5 Qd6 27. Ba4 Red8 28. Rc3 Nd4 29. Qe4 Nc7 30. Rg3 Ne8 31. b4 b6 32. bxc5 bxc5 33. Nd3 Nf5 34. Qxf5 Qxg3 35. fxg3 gxf5 36. Nxc5 e6 37. Na6 Rac8 38. c5 Nc7 39. Nb4 Rd4 40. Bc6 Nd5 41. Bxd5 exd5 42. Nc2 Re4 43. Rf1 Rxc5 44. Nb4 d4 45. Nd3 Rc3 46. Nf4 d3 47. Nh5+ Kg6 48. Nf4+ Rxf4 49. gxf4 d2 50. Kf2 Rc1 51. Ke2 Rxf1 0-1

[Event "ISR-ch 40th"]
[Site "Jerusalem"]
[Date "2021.03.08"]
[Round "2"]
[White "Parnes, Nadav"]
[Black "Dvoirys, Semen I"]
[Result "0-1"]
[WhiteElo "2273"]
[BlackElo "2483"]
[PlyCount "112"]
[EventDate "2021.03.07"]
[EventType "swiss"]
[EventRounds "9"]
[EventCountry "ISR"]
[SourceTitle "CBM 201 Extra"]
[Source "ChessBase"]
[SourceDate "2021.05.31"]
[SourceVersion "1"]
[SourceVersionDate "2021.05.31"]
[SourceQuality "1"]

1. Nf3 c5 2. c4 Nf6 3. g3 b6 4. Bg2 Bb7 5. 0-0 e6 6. Nc3 Be7 7. Re1 d6 8. e4 a6 9. d4 cxd4 10. Nxd4 Qc7 11. Bg5 0-0 12. Rc1 Nbd7 13. f4 Rfe8 14. Rc2 h6 15. Bh4 Rac8 16. b3 Qb8 17. a4 Bf8 18. Rf2 g6 19. Rd2 Rc5 20. Nf3 Nh7 21. g4 Ndf6 22. h3 d5 23. exd5 exd5 24. Rxe8 Qxe8 25. Ne5 g5 26. Bf2 gxf4 27. Nd3 dxc4 28. Nxc5 Bxg2 29. Kxg2 bxc5 30. bxc4 Ng5 31. Bh4 Nfe4 32. Bxg5 Nxd2 33. Bxf4 Nxc4 34. Qd3 Qe6 35. Nd5 Nb2 36. Qf3 c4 37. g5 Nd3 38. Nf6+ Qxf6 39. gxf6 Ne1+ 40. Kf2 Nxf3 41. Kxf3 Kh7 42. Ke4 Kg6 43. Be5 Bb4 44. Kd4 c3 45. Kd3 Kf5 46. Bd4 h5 47. h4 Kg4 48. Bf2 Kf3 49. Be3 Kg4 50. Bf2 Kf5 51. Bd4 c2 52. Kxc2 Be1 53. Kb3 Bxh4 54. Kb4 Bxf6 55. Bb6 h4 56. Ka5 h3 0-1